1678 1084 1828 1740 1389 1847 1012 1204 1809 1577 1748 1443 1617 1899 1934 1627 1007 1536 1456 1387 1121 1595 1048 1004 1570 1041 1355 1202 1230 1184 1691 1774 1522 1533 1585 1825 1154 1840 1218 1059 1425 1104 1584 1751 1407 1978 1747 1796 1060 1248 1249 1351 1492 1606 1033 1497 1765 1237 1909 1163 1925 1414 1892 1941 1539 1597 1261 1192 1137 1462 1462 1629 1561 1577 1856 1786 1881 1451 1409 1724 1580 1737 1268 1593 1727 1577 1015 1417 1073 1046 1734 1708 1031 1387 1550 1389 1432 1971 1055 BCNSPRNW ULIB Ver.6.0+V

เปลี่ยนเป็นภาษาไทย

Change to English
 แสดงรายละเอียดบรรณานุกรม
  กลับหน้าหลัก

Brief Record : Get Marc (ISO 2709) : E-mail record : QR code < ปิดหน้าต่าง
LEADER : 00000nam 2200000uu 4500
001    13399123603
003     ULIB
008    141017s2556||||th 000 0 tha d
020    ^a9789746727846
060    ^aWM420^bด436จ
100 0  ^aดาวชมพู นาคะวิโร
245 10 ^aจิตบำบัดด้วยสติ =^bMindfulness-based psychotherapy /^cดาวชมพู นาคะวิโร
246 31 ^aMindfulness-based psychotherapy
250    ^aพิมพ์ครั้งที่ 1
260    ^aเชียงใหม่ :^bคณะแพทยศาสตร์ มหาวิทยาลัยเชียงใหม่,^c2556
300    ^axv, 99 หน้า :^bภาพประกอบ
650  7 ^aจิตบำบัด
650  2 ^aPsychotherapy
650  2 ^aConsciousness
650  2 ^aMental health
700 0  ^aพลภัทร์ โล่เสถียรกิจ
700 0  ^aศิริจิต สุทธจิตต์
710 2  ^aมหาวิทยาลัยเชียงใหม่.^bคณะแพทยศาสตร์
945    ^p190^l0^i21492
945    ^p190^l0^i21493
945    ^p190^l0^i21494
945    ^p190^l0^i21495
945    ^p190^l0^i21496
999    ^aทศพร เกษรทอง
รายการนี้ยังไม่มีแท็ก
คุณยังไม่ได้ล็อกอิน คุณสามารถมีกิจกรรมร่วมกับเว็บไซต์ได้ แต่ต้องล็อกอินก่อน ::
  ล็อกอิน

รายการสื่อสารสนเทศ

ลำดับที่ ประเภท เลขเรียก/บาร์โค้ด สถานที่ สถานะ
1. วิทยาศาสตร์การแพทย์ และสุขภาพ
วิทยาศาสตร์การแพทย์ และสุขภาพ
สถานะ=หนังสือเก่า
WM420 ด436จ ฉ.1 
  Barcode: 21492
ห้องสมุดวิทยาเขตนครสวรรค์
►ส่วนจัดเก็บหนังสือเก่า นว.
บนชั้น
  ขอยืม
2. วิทยาศาสตร์การแพทย์ และสุขภาพ
วิทยาศาสตร์การแพทย์ และสุขภาพ
สถานะ=หนังสือเก่า
WM420 ด436จ ฉ.2 
  Barcode: 21493
ห้องสมุดวิทยาเขตนครสวรรค์
►ส่วนจัดเก็บหนังสือเก่า นว.
บนชั้น
  ขอยืม
3. วิทยาศาสตร์การแพทย์ และสุขภาพ
วิทยาศาสตร์การแพทย์ และสุขภาพ
สถานะ=หนังสือเก่า
WM420 ด436จ ฉ.3 
  Barcode: 21494
ห้องสมุดวิทยาเขตนครสวรรค์
►ส่วนจัดเก็บหนังสือเก่า นว.
บนชั้น
  ขอยืม
4. วิทยาศาสตร์การแพทย์ และสุขภาพ
วิทยาศาสตร์การแพทย์ และสุขภาพ
สถานะ=หนังสือเก่า
WM420 ด436จ ฉ.4 
  Barcode: 21495
ห้องสมุดวิทยาเขตนครสวรรค์
►ส่วนจัดเก็บหนังสือเก่า นว.
บนชั้น
  ขอยืม
5. วิทยาศาสตร์การแพทย์ และสุขภาพ
วิทยาศาสตร์การแพทย์ และสุขภาพ
สถานะ=หนังสือเก่า
WM420 ด436จ ฉ.5 
  Barcode: 21496
ห้องสมุดวิทยาเขตนครสวรรค์
►ส่วนจัดเก็บหนังสือเก่า นว.
บนชั้น
  ขอยืม

รายการใกล้เคียง
    ผู้แต่ง [ดาวชมพู นาคะวิโร]

    หัวเรื่อง [จิตบำบัด]
    หัวเรื่อง [Psychotherapy]
    หัวเรื่อง [Consciousness]
    หัวเรื่อง [Mental health]

BibComment


ยังไม่เคยถูกคอมเมนท์

คอมเมนท์ทรัพยากรรายการนี้
  คอมเมนท์: จิตบำบัดด้วยสติ ..


 Copyright 2026. Bcnsprnw @Library